Faculty of Law Library — Cairo University

Official Online Catalog

ماهية الحكم القضائي الأجنبي : (Record no. 63166)

MARC details
000 -LEADER
fixed length control field 01424nam a22003257i 4500
003 - CONTROL NUMBER IDENTIFIER
control field EG-GICUC
005 - DATE AND TIME OF LATEST TRANSACTION
control field 20260224104319.0
008 - FIXED-LENGTH DATA ELEMENTS--GENERAL INFORMATION
fixed length control field 260215s2007 ua |||fr|||| 000 0 ara d
017 ## - COPYRIGHT OR LEGAL DEPOSIT NUMBER
Copyright or legal deposit number 2007/7763
020 ## - INTERNATIONAL STANDARD BOOK NUMBER
International Standard Book Number 9770315346
040 ## - CATALOGING SOURCE
Original cataloging agency EG-GICUC
Language of cataloging ara
Transcribing agency EG-GICUC
Modifying agency EG-GICUC
Description conventions rda
082 04 - DEWEY DECIMAL CLASSIFICATION NUMBER
Edition number 21
Classification number 341.83
Item number هـ ش . م
092 04 - LOCALLY ASSIGNED DEWEY CALL NUMBER (OCLC)
Edition number 21
099 ## - LOCAL FREE-TEXT CALL NUMBER (OCLC)
Classification number Law1 11 341.83 هـ ش . م 2007
100 0# - MAIN ENTRY--PERSONAL NAME
Personal name هشام خالد
Relator term مؤلف.
245 10 - TITLE STATEMENT
Title ماهية الحكم القضائي الأجنبي :
Remainder of title دراسة فقهية قضائية مقارنة في النظم القانونية /
Statement of responsibility, etc. تأليف هشام خالد.
264 #1 - PRODUCTION, PUBLICATION, DISTRIBUTION, MANUFACTURE, AND COPYRIGHT NOTICE
Place of production, publication, distribution, manufacture الأسكندرية :
Name of producer, publisher, distributor, manufacturer منشأة المعارف ،
Date of production, publication, distribution, manufacture, or copyright notice 2007.
300 ## - PHYSICAL DESCRIPTION
Extent 479 صفحة؛
Dimensions 24 سم
336 ## - CONTENT TYPE
Source rda content
Content type term text
337 ## - MEDIA TYPE
Source rda media
Media type term Computer
338 ## - CARRIER TYPE
Source rda carrier
Carrier type term Online Resource
500 ## - GENERAL NOTE
General note اللاتينية - الأنجلوسكسونية - العربية ، مع إشارة خاصة لمصر بمناسبة الحكم الصادر من محكمة النقض المصرية<br/>بجلسة ٢٠٠٠/٤/١١
504 ## - BIBLIOGRAPHY, ETC. NOTE
Bibliography, etc. note يشتمل على إرجاعات ببيلوجرافية.
546 ## - LANGUAGE NOTE
Language note النص باللغة العربية
650 14 - SUBJECT ADDED ENTRY--TOPICAL TERM
Topical term or geographic name entry element الأجانب - مركز قانوني - قانون دولي
Source of heading or term qrmak
651 1# - SUBJECT ADDED ENTRY--GEOGRAPHIC NAME
Source of heading or term qrmak
856 40 - ELECTRONIC LOCATION AND ACCESS
Uniform Resource Identifier <a href="https://fll.law.cu.edu.eg/fulltext/bks/B12-02747.pdf">https://fll.law.cu.edu.eg/fulltext/bks/B12-02747.pdf</a>
905 ## - Cataloger and Reviser Names
Cataloger Name: Eman Mostafa
942 ## - ADDED ENTRY ELEMENTS (KOHA)
Source of classification or shelving scheme Dewey Decimal Classification
Koha item type Books
Edition 21
Suppress in OPAC No
Holdings
Withdrawn status Lost status Source of classification or shelving scheme Damaged status Not for loan Collection Home library Current library Date acquired Total checkouts Full call number Barcode Date last seen Copy number Price effective from Koha item type
    Dewey Decimal Classification   Not for loan القانون الدولي الخاص جــــامعة القــاهرة مكتبة كلية الحقوق - المبنى الرئيسي 15.02.2026   Law1 12 341.83 هـ ش . م 1202747 2007 C1 B12-02747 15.02.2026 1 15.02.2026 Books

© All rights reserved — Faculty of Law, Cairo University